00639cam a22002171 4500001001300000003000400013005001700017008004100034010001700075025001900092035002000111040002300131042001200154050001700166110006500183245005600248260005200304300002700356651002100383999001700404sa 63004053 DLC20260227111946.0861113s1961 ii a 000 0 eng  asa 63004053  aPL480:I-E-2053 a(OCoLC)14705874 aDLCcWaUdWaUdDLC apremarc00aHF3786b.I482 aIndian Chamber of Commerce (India).bWorld Trade Department.10aIndia's export trade with the U.K. and West Europe. aCalcutta,bOxford Book & Stationery Co.,c1961. a64 p.btables.c22 cm. 0aIndiaxCommerce. c55449d55449